Các bộ định mức 2007 : Định mức chi phí quản lý dự án và tư vấn đầu tư & định mức dự toán xây dựng công trình ( Phần khảo sát xây dựng, phần thí nghiệm vật liệu cấu kiện và kết cấu xây dựng; Phần thí nghiệm điện đường dây và trạm biến áp; Phần lắp đặt máy , thiết bị; Phần lắp đặt truyền dẫn phát sóng truyền hình )
Nội dung cuốn sách gồm có 9 mục cơ bản sau: Các quy định hướng dẫn quản lý chi phí đầu tư xây dựng công trình; Định mức dự toán xây dựng công trình - phần thí nghiệm vật liệu, cấu kiện và kết cấu xây dựng; Định mức chi phí quản lý du...
Sparad:
| Materialtyp: | Bok |
|---|---|
| Språk: | Undetermined |
| Publicerad: |
Thành phố Hồ Chí Minh
Giao thông vận tải
2007
|
| Ämnen: | |
| Taggar: |
Lägg till en tagg
Inga taggar, Lägg till första taggen!
|
| Thư viện lưu trữ: | Trung tâm Học liệu Trường Đại học Cần Thơ |
|---|
| LEADER | 01625nam a2200205Ia 4500 | ||
|---|---|---|---|
| 001 | CTU_129098 | ||
| 008 | 210402s9999 xx 000 0 und d | ||
| 020 | |c 189000 | ||
| 082 | |a 346.045 | ||
| 082 | |b C101 | ||
| 245 | 0 | |a Các bộ định mức 2007 : | |
| 245 | 0 | |b Định mức chi phí quản lý dự án và tư vấn đầu tư & định mức dự toán xây dựng công trình ( Phần khảo sát xây dựng, phần thí nghiệm vật liệu cấu kiện và kết cấu xây dựng; Phần thí nghiệm điện đường dây và trạm biến áp; Phần lắp đặt máy , thiết bị; Phần lắp đặt truyền dẫn phát sóng truyền hình ) | |
| 260 | |a Thành phố Hồ Chí Minh | ||
| 260 | |b Giao thông vận tải | ||
| 260 | |c 2007 | ||
| 520 | |a Nội dung cuốn sách gồm có 9 mục cơ bản sau: Các quy định hướng dẫn quản lý chi phí đầu tư xây dựng công trình; Định mức dự toán xây dựng công trình - phần thí nghiệm vật liệu, cấu kiện và kết cấu xây dựng; Định mức chi phí quản lý dự án và tư vấn đầu tư; Các quy định về chỉ số giá xây dựng ... | ||
| 650 | |a Project management,Construction industry,Industrial management,Quản trị công nghiệp,Xây dựng công nghiệp | ||
| 650 | |x Management,Quản trị | ||
| 904 | |i Giang | ||
| 980 | |a Trung tâm Học liệu Trường Đại học Cần Thơ | ||